States of Mexico by Population - Statistics

General Stats
  • This quiz has been taken 40 times
  • The average score is 26 of 32
Answer Stats
Hint Answer % Correct
17,363,387 Estado de Mexico
97%
3,584,605 Baja California
91%
809,833 Baja California Sur
88%
8,110,943 Jalisco
88%
5,229,492 Nuevo Leon
88%
8,163,963 Veracruz
88%
5,382,083 Chiapas
85%
3,782,018 Chihuahua
85%
1,799,320 Durango
85%
3,607,210 Guerrero
85%
4,658,159 Michoacan
85%
6,313,789 Puebla
85%
2,172,839 Yucatan
85%
1,321,453 Aguascalientes
82%
5,908,845 Guanajuato
82%
1,965,487 Morelos
82%
4,061,497 Oaxaca
82%
1,664,667 Quintana Roo
82%
2,431,339 Tabasco
82%
3,622,605 Tamaulipas
82%
3,029,740 Coahuila
79%
2,947,206 Hidalgo
79%
2,063,148 Queretaro
79%
3,034,942 Sinaloa
79%
3,011,810 Sonora
79%
1,313,067 Tlaxcala
76%
1,600,412 Zacatecas
76%
935,047 Campeche
73%
747,801 Colima
73%
2,801,839 San Luis Potosi
73%
1,268,460 Nayarit
70%
8,811,266 Ciudad de Mexico
55%
No matching quizzes found
Score Distribution
Percent of People with Each Score
Percentile by Number Answered
Your Score History
You have not taken this quiz